Understanding practice in design and technology
Αποθηκεύτηκε σε:
| Κύριος συγγραφέας: | |
|---|---|
| Άλλοι συγγραφείς: | , |
| Μορφή: | Βιβλίο |
| Γλώσσα: | English |
| Δημοσίευση: |
Buckingham, Philadelphia :
Open University Press,
1996
|
| Σειρά: | Developing science and technology education
|
| Θέματα: | |
| Ετικέτες: |
Προσθήκη ετικέτας
Δεν υπάρχουν, Καταχωρήστε ετικέτα πρώτοι!
|
MARC
| LEADER | 00000nam a2200000 i 4500 | ||
|---|---|---|---|
| 001 | 1/86806 | ||
| 008 | 990720s1996 eng d | ||
| 020 | |a 0-335-19554-7 | ||
| 035 | |l 10052158 | ||
| 040 | |a GR-MY-UA |b gre |e aacr | ||
| 041 | 0 | |a eng | |
| 082 | 0 | |a 372.358044 | |
| 100 | 1 | |a Kimbell, Richard. | |
| 245 | 1 | 0 | |a Understanding practice in design and technology / |c Richard Kimbell, kay Stables, Richard Green |
| 260 | |a Buckingham, Philadelphia : |b Open University Press, |c 1996 | ||
| 300 | |a 126 p. | ||
| 490 | 1 | |a Developing science and technology education | |
| 650 | 0 | 0 | |a Technology |x Study and teaching (Elementary) |z Great Britain. |
| 650 | 0 | 0 | |a Industrial design |x Study and teaching (Elementary) |z Great Britain. |
| 700 | 1 | |a Stables, Kay |d 1954- | |
| 700 | 1 | |a Green, Richard. | |
| 830 | 0 | |a Developing science and technology education | |
| 852 | |a INST |b RHODES |e 19990720 |h 372.358044 KIM |p 005400014837 |q 005400014837 |t BK |y 0 | ||
| 901 | |a BIBL4-1999-2 | ||
| 909 | |a Ρ |b 065570 | ||
| 922 | |a 4ΕΛΗ |b 199905 |c ΚΠΣ/154 |d LEADER | ||
| 970 | |z 1999/07/20 |a ΚΟΥΛΑΚΙΟΤΗ |b ΛΙΤΣΑ | ||